00000000nam##2200000za#4500
0019.684246
003CaOODSP
00520210615134059
007ta
008150407|2007||||xxc|||||     f|0| 0 fre|d
040 |aCaOODSP|bfre
043 |an-cn---
0861 |aFo4-14/8-2007F
1101 |aCanada.|bRessources naturelles Canada. |bService canadien des forêts.
24513|aLa forêt boréale du Canada : |btradition et transition / |c[Publié par] Association forestière canadienne.
2463 |aTrousse d'enseignements. Volume 8, La forêt boréale canadienne
260 |aOttawa - Ontario : |bRessources naturelles Canada. |cc2007.
300 |a44p. : |bglossaire, ill., cartes, photographies ; |c28 cm. + |eDeux affiches bilingues en coulour.
500 |aTitres des affiches: «Les ressources naturelles du Canada : tradition et transition», et, «Il n'y a pas que des arbres dans la forêt boréale ...» Pour commander les trousses d'enseignements de l'AFC, veuillez visiter le site web à l'adresse web indiquée ci-dessous.
5203 |aOffre aux enseignants les outils nécessaires pour mieux faire comprendre au jeune peuple la valeur des forêts et l'importance de les protéger et de les conserver.
563 |aCouverture souple
590 |a08-19|b2008-05-09
77508|tCanada's boreal forest : |w(CaOODSP)9.651202
7760#|tLa forêt boréale canadienne : |w(CaOODSP)9.641458